<?xml version="1.0" encoding="UTF-8"?>
<marc:record xmlns:marc="http://www.loc.gov/MARC21/slim">
   <marc:leader>00000nam a2200000 a 4500</marc:leader>
   <marc:datafield ind1="1" ind2=" " tag="100">
      <marc:subfield code="a">Höck, Maria</marc:subfield>
      <marc:subfield code="4">aut</marc:subfield>
      <marc:subfield code="e">Verfasser/-in</marc:subfield>
   </marc:datafield>
   <marc:datafield ind1=" " ind2=" " tag="653">
      <marc:subfield code="a">Zauberkräfte</marc:subfield>
   </marc:datafield>
   <marc:datafield ind1=" " ind2=" " tag="653">
      <marc:subfield code="a">Geburtstag</marc:subfield>
   </marc:datafield>
   <marc:datafield ind1="0" ind2="0" tag="245">
      <marc:subfield code="a">Ein Einhorn namens Oktober</marc:subfield>
   </marc:datafield>
   <marc:datafield ind1=" " ind2="1" tag="264">
      <marc:subfield code="b">ars edition</marc:subfield>
      <marc:subfield code="c">2025</marc:subfield>
   </marc:datafield>
   <marc:datafield ind1="1" ind2=" " tag="520">
      <marc:subfield code="a">An einem Tag im Oktober wird in einem Zauberwald ein kleines Einhorn geboren. Als sein 1. Geburtstag immer nähherrückt, wird es unruhig. Um den 1. Geburtstag herum, so heißt es nämlich, sollen Einhörner ihre magischen Kräfte entwickeln. Doch die Tage vergehen und es passiert ... nichts. Nicht der kleinste Regenbogenpups.
Vielleicht kommt seine Zauberkraft gar nicht von selbst? Vielleicht muss das kleine Einhorn sie finden?
Und so begibt es sich auf eine spannende Suche und erkennt schließlich mit Hilfe seines besten Freundes, dem frechen Einhörnchen, dass es die größte Zauberkraft längst in sich trägt: Seine Freundlichkeit! (Verlagstext)</marc:subfield>
   </marc:datafield>
   <marc:datafield ind1=" " ind2=" " tag="020">
      <marc:subfield code="a">9783845865133</marc:subfield>
      <marc:subfield code="9">9783845865133</marc:subfield>
   </marc:datafield>
</marc:record>
